Strength of materials / (Record no. 13082)
[ view plain ]
| 000 -LEADER | |
|---|---|
| fixed length control field | 01413cam a2200397 4500 |
| 001 - CONTROL NUMBER | |
| control field | 13082 |
| 003 - CONTROL NUMBER IDENTIFIER | |
| rucl marc code | BD-RjUL |
| 005 - DATE AND TIME OF LATEST TRANSACTION | |
| control field | 20211208235413.0 |
| 008 - FIXED-LENGTH DATA ELEMENTS--GENERAL INFORMATION | |
| fixed length control field | 140130s1984 nyubr p 0 1 a0eng |
| 030 ## - CODEN DESIGNATION | |
| CODEN | SMTLB5 |
| 032 ## - POSTAL REGISTRATION NUMBER | |
| Postal registration number | 856260 |
| Source agency assigning number | USPS |
| 035 ## - SYSTEM CONTROL NUMBER | |
| System control number | (BD-RjUL)13132 |
| 040 ## - CATALOGING SOURCE | |
| Original cataloging agency | DLC |
| Language of cataloging | eng |
| Transcribing agency | MnMULS |
| Modifying agency | NIC |
| -- | NSDP |
| -- | DLC |
| -- | AIP |
| -- | NSDP |
| -- | AIP |
| -- | NST |
| -- | NSDP |
| -- | NST |
| -- | OCoLC |
| -- | CU-S |
| -- | OCoLC |
| -- | DLC |
| -- | OCoLC |
| -- | MCM |
| -- | GU |
| -- | NSDP |
| -- | OCoLC |
| -- | DEBBG |
| -- | GBVCP |
| -- | UKMGB |
| -- | OCoLC |
| -- | BD-RjUL |
| 041 1# - LANGUAGE CODE | |
| Language code of text/sound track or separate title | eng |
| Language code of original | rus |
| 082 10 - DEWEY DECIMAL CLASSIFICATION NUMBER | |
| Classification number | 620 |
| Edition number | 11 |
| Author mark and year | HIS 1984 |
| 100 ## - MAIN ENTRY--PERSONAL NAME | |
| Personal name | Hiraskar, G.K. |
| 9 (RLIN) | 40752 |
| 245 00 - TITLE STATEMENT | |
| Title | Strength of materials / |
| 260 ## - PUBLICATION, DISTRIBUTION, ETC. (IMPRINT) | |
| Place of publication, distribution, etc. | New York : |
| Name of publisher, distributor, etc. | Consultants Bureau , |
| Date of publication, distribution, etc. | 1984. |
| 300 ## - PHYSICAL DESCRIPTION | |
| Pagination | viii, 998 p. : |
| Illustrations | ill. ; |
| Size | 28 cm. |
| 321 ## - FORMER PUBLICATION FREQUENCY | |
| Former publication frequency | Monthly, |
| Dates of former publication frequency | July 1969-Dec. 1996 |
| 500 ## - GENERAL NOTE | |
| General note | includes index. |
| 504 ## - BIBLIOGRAPHY, ETC. NOTE | |
| Bibliography, etc | includes index. |
| 510 0# - CITATION/REFERENCES NOTE | |
| Name of source | Chemical abstracts |
| International Standard Serial Number | 0009-2258 |
| 515 ## - NUMBERING PECULIARITIES NOTE | |
| Numbering peculiarities note | Carries vol. numbering and date of the original. |
| 650 #0 - SUBJECT ADDED ENTRY--TOPICAL TERM | |
| Topical term or geographic name as entry element | Strength of materials |
| Form subdivision | Periodicals. |
| 9 (RLIN) | 40753 |
| Topical term or geographic name as entry element | Mechanische Eigenschaft. |
| Source of heading or term | swd |
| 9 (RLIN) | 40754 |
| Topical term or geographic name as entry element | Werkstoff. |
| Source of heading or term | swd |
| 9 (RLIN) | 40755 |
| Topical term or geographic name as entry element | Zeitschrift. |
| Source of heading or term | swd |
| 9 (RLIN) | 4471 |
| 710 2# - ADDED ENTRY--CORPORATE NAME | |
| Corporate name or jurisdiction name as entry element | Consultants Bureau. |
| 9 (RLIN) | 40756 |
| 765 0# - ORIGINAL LANGUAGE ENTRY | |
| Title | Problemy prochnosti |
| International Standard Serial Number | 0556-171X |
| Record control number | (DLC)sn 85004956 |
| 776 08 - ADDITIONAL PHYSICAL FORM ENTRY | |
| Relationship information | Online version: |
| Title | Strength of materials (Online) |
| International Standard Serial Number | 1573-9325 |
| Record control number | (DLC) 2008233211 |
| -- | (OCoLC)48472670 |
| 942 ## - ADDED ENTRY ELEMENTS (KOHA) | |
| Source of classification or shelving scheme | Dewey Decimal Classification |
| Koha item type | Books |
| Lost status | Source of classification or shelving scheme | Damaged status | Not for loan | Collection code | Permanent Location | Current Location | Shelving location | Date acquired | Source of acquisition | Cost, normal purchase price | Total Checkouts | Full call number | Date last seen | Copy number | Koha item type |
|---|---|---|---|---|---|---|---|---|---|---|---|---|---|---|---|
| Dewey Decimal Classification | Non-fiction | Central Library, University of Rajshahi | Central Library, University of Rajshahi | 21/07/2008 | Dhaka paragon Enterprise | 37.50 | 620 HIS 1984 | 30/01/2014 | C-5 | Books | |||||
| Dewey Decimal Classification | Non-fiction | Central Library, University of Rajshahi | Central Library, University of Rajshahi | 26/02/2008 | Paragogn Enterprise, Dhaka | 37.50 | 620 HIS 1984 | 27/10/2016 | C-2 | Books | |||||
| Dewey Decimal Classification | Not For Loan | Non-fiction | Central Library, University of Rajshahi | Central Library, University of Rajshahi | Reading Room | 26/02/2008 | Paragogn Enterprise, Dhaka | 37.50 | 620 HIS 1984 | 29/03/2017 | C-1 | Books | |||
| Dewey Decimal Classification | Non-fiction | Central Library, University of Rajshahi | Central Library, University of Rajshahi | 26/05/2008 | Paragogn Enterprise, Dhaka | 37.50 | 620 HIS 1984 | 28/05/2017 | C-3 | Books | |||||
| Dewey Decimal Classification | Non-fiction | Central Library, University of Rajshahi | Central Library, University of Rajshahi | 26/05/2008 | Paragogn Enterprise, Dhaka | 37.50 | 620 HIS 1984 | 28/05/2017 | C-4 | Books | |||||
| Dewey Decimal Classification | Non-fiction | Central Library, University of Rajshahi | Central Library, University of Rajshahi | 21/07/2008 | Dhaka, Paragan Enterprises ltd. | 37.50 | 620 HIS 1984 | 12/06/2017 | C-6 | Books |